00852nam a2200241 i 4500001000300000245014800003260005800151300002800209504001400237650002400251655003000275700003000305020001500335040000800350041000700358080001500365920001800380942000700398008004100405999001700446856009800463952004900561bg00aĆwiczenia laboratoryjne z mechaniki płynów :bpraca zbiorowa /cpod red. Leona Bogusławskiego ; [skrypt oprac. Leon Bogusławski et al.]. aPoznań :bWydaw. Politechniki Poznańskiej,c1999. a103 s. :bil. ;c24 cm. aBibliogr. 9aMechanika płynów aPodręczniki akademickie1 aBOGUSŁAWSKI, Leon.eRed. a8371431589 cBPK0 apl a532(075.8) a83-7143-158-9 cKS s pl f |000 0 pol  c37960d37960 uhttp://koha.tu.koszalin.pl/cgi-bin/koha/opac-detail.pl?biblionumber=37960yKatalog online BPK 00104070aBPKbBPKcwo54439p01506631yKS